00821nam a2200253 a 450000100060000000300090000600500170001500600150003200800410004701600440008801700520013202000150018403500210019904000280022008000150024808200150026310000210027824501100029926000220040930000170043150000580044865000320050665000290053826131CO-ViMGA20230915232148.0bimo0000075402141112s2004 ck r 000 u spa d abimoBNE19910764052 SAB9000083111 SpMaBN aAB 746 - 1984 Oficina Depósito Legal Albacete a9879066561 a(OCoLC)434507675 aCO-ViMGAbspacCO-ViMGA a613.953.1104a641.5 R25a1 aRenzenbrink, Udo10aLa alimentación saludable del lactante / cUdo Renzenbrink ; traducción del alemán por Almunt Rubow aEd. Antroposofica a103 p. 22 cm aTraducción de : Die gesunde Ernahrung des Sauglings14aLactantes - Alimentación 14aNiños - Alimentación